000 00625nam a2200217Ia 4500
005 20241129120050.0
008 241129s9999||||xx |||||||||||||| ||und||
020 _a9781009317757
037 _aTB
040 _aSDCL
_beng
_cSDCL
041 _aeng
_2eng
084 _aV2:2'P, R3
_qSDCL
100 _aJohn Mathew
_9311581
245 0 _aIndia's communal constitution: Law, religion, and the making of a people
260 _aNew Delhi
_bCambridge University Press
_c2023
300 _aix,147p.
365 _aINR
_b1150
650 _aPolitical Science
942 _cTB
_hV2:2'P, R3
999 _c1233195
_d1233195